000 00862nam a2200229 a 4500
001 000010596
005 20240412074219.0
008 091008s1991 dr a r 000 p spa d
040 _aDO-SdBNP
_bspa
_cBNPHU
082 _aRD861.44
_bM878a
100 1 _aMorrison, Mateo,
_d1947-
_91469
245 1 0 _aA propósito de imágenes =
_bApropos of images ; textos basados en la obra de Dionisio Blanco /
_cMateo Morrison ; textos basados en la obra de Dionisio Blanco.
246 1 _aApropos of images
260 _aSanto Domingo :
_bTaller,
_c1991.
300 _a75 p. :
_bil. ;
_c21 cm.
500 _aTexto en español e inglés.
590 _aInventariado, 2018/BT
650 0 _aPoesía dominicana
_966
650 0 _aLiteratura dominicana.
_967
700 1 2 _aBlanco, Dionisio
_tSembradores frente al falso espejo
_925674
910 _aValidado. Control de calidad. MFF
999 _c10354
_d10354